25 Years of Revolution Comparing Revolt and Transition from Europe 1989 to the Arab World 2014

Titel: 25 Years of Revolution Comparing Revolt and Transition from Europe 1989 to the Arab World 2014 : Introduction / Marilyn Both
Verfasser:
In: Journal of contemporary Central and Eastern Europe, Band 23, Heft 2/3 (2015), Seite 99-103
alle Artikel anzeigen
Veröffentlicht: 2015
Format: Aufsatz
Sprache: Englisch
Schlagworte:
Kein Bild verfügbar
X
alg: 46904773
001A    $03025:09-09-20 
001B    $01999:09-06-21 $t22:37:26.000 
001D    $03025:09-09-20 
001U    $0utf8 
001X    $00 
002@    $0Oou 
002C    $aText $btxt $2rdacontent 
002D    $aComputermedien $bc $2rdamedia 
002E    $aOnline-Ressource $bcr $2rdacarrier 
003@    $0469047739 
004P    $010.1080/0965156X.2015.1116786 
007A    $0469047739 $aHEB 
010@    $aeng 
010E    $erda 
011@    $a2015 
021A    $a25 Years of Revolution Comparing Revolt and Transition from Europe 1989 to the Arab World 2014 $dIntroduction $hMarilyn Both 
028A    $BVerfasser $4aut $8Both, Marilyn [Tnx] $946904764X 
031A    $d23 $e2/3 $h99-103 $j2015 
039B    $aEnthalten in $8--Obvc--. Journal of contemporary Central and Eastern Europe. - Abingdon, Ofordshire : Routlegde, Taylor & Francis Group, 2015-. - Online-Ressource. - ISSN 2573-9646 $x201500000230002901 $9426937147 
041A    $REuropa $ROstblock $ROstmitteleuropa $#Europa, Ost $#Östliches Europa $#Central Europe Osteuropa $74075739-0 $8Osteuropa [Tg1] $9085214396 
041A/01 $RWandel $#Political development $#Développement politique $#Politischer Wandel $#politischer Wandel $#Systemveränderung $#Systemtransformation Politik $#Systemwandel Politik $#Systemwechsel Politik $#Politische Entwicklung Politischer Wandel $74175047-0 $8Politischer Wandel [Ts1] $9085818038 
044K    $RMitteleuropa $RVisegrád-Staaten $ROsteuropa $#Ostmitteleuropa $#Ostmitteleuropa $#Mitteleuropa, Ost $#Central Europe Ostmitteleuropa $#Mittelosteuropa $74075753-5 $8Ostmitteleuropa [Tg1] $9085214485 
044K    $RProtestbewegung $#Arab Spring, 2010- $#Printemps arabe (2010-....) $#Primavera araba <2010- > $#Arabischer Frühling $#Arabellion $#ar- @Rabīʿ al-ʿArabī $#الربيع العربي $7102321377X $8Arabischer Frühling [Ts1] $9302886249 
044K    $RUmsturz $RAufstand $RRevolutionäre Bewegung $#Revolutions $#Révolutions $#Rivoluzione $#Revolution $#Staatsumwälzung $#Revolutionen $74049680-6 $8Revolution [Ts1] $9085138479 
045F    $a909 $eDDC23BSB 
045F/01 $a909 
045F/03 $g437 
045F/03 $g53 
045R    $aGeschichte 1989-2014 

lok: 46904773 78

exp: 46904773 78 1 #EPN
201B/01 $009-09-20 $t08:50:22.000 
201C/01 $009-09-20 
201U/01 $0utf8 
203@/01 $0112267029X 
208@/01 $a09-09-20 $be 
209A/01 $a/ $f000 $x00 
209A/01 $ab*p $x01 
220C/01 $apgar 
244Z/01 $#Ostmitteleuropa $#Ostmitteleuropa $#Mitteleuropa, Ost $#Central Europe Ostmitteleuropa $#Mittelosteuropa $74075753-5 $8--Tg1--Ostmitteleuropa $x01 $9085214485 
247C/01 $82080>Marburg/Lahn, Herder-Institut, Forschungsbibliothek, Bibliographieportal $9336309341
LEADER 00000caa a2200000 c 4500
001 469047739
003 DE-603
005 20210609223726.0
007 cr||||||||||||
008 200909s2015 xx |||| o| u00||u|eng c
024 7 |a 10.1080/0965156X.2015.1116786  |2 doi 
035 |a (DE-599)HEB469047739 
040 |a DE-603  |b ger  |c DE-603  |d DE-603  |e rda 
041 |a eng 
082 0 4 |8 1\u  |a 909  |q DE-101  |2 23/BSB 
085 |8 1\u  |b 909 
085 |8 1\u  |z 2  |s 437 
085 |8 1\u  |z 2  |s 53 
100 1 |a Both, Marilyn  |e Verfasser  |4 aut  |0 (DE-603)46904764X 
245 0 0 |a 25 Years of Revolution Comparing Revolt and Transition from Europe 1989 to the Arab World 2014  |b Introduction  |c Marilyn Both 
264 0 |c 2015 
336 |a Text  |b txt  |2 rdacontent 
337 |a Computermedien  |b c  |2 rdamedia 
338 |a Online-Ressource  |b cr  |2 rdacarrier 
648 7 |a Geschichte 1989-2014  |2 gnd 
650 7 |a Politischer Wandel  |0 (DE-588)4175047-0  |0 (DE-603)085818038  |2 gnd 
650 7 |a Arabischer Frühling  |0 (DE-588)102321377X  |0 (DE-603)302886249  |2 gnd 
650 7 |a Revolution  |0 (DE-588)4049680-6  |0 (DE-603)085138479  |2 gnd 
651 7 |a Osteuropa  |0 (DE-588)4075739-0  |0 (DE-603)085214396  |2 gnd 
651 7 |a Ostmitteleuropa  |0 (DE-588)4075753-5  |0 (DE-603)085214485  |2 gnd 
773 0 8 |i Enthalten in  |t Journal of contemporary Central and Eastern Europe  |d Abingdon, Ofordshire : Routlegde, Taylor & Francis Group, 2015-  |h Online-Ressource  |x 2573-9646  |g Band 23, Heft 2/3 (2015), Seite 99-103  |w (DE-603)426937147  |w (DE-600)2922261-8 
924 1 |9 2080  |a (DE-603)112267029X  |b DE-2080  |c HES  |d d  |g /